Quizzes
Events
Quiz Creation
Community
Videos
Private Events
Remove Ads
Sign In
Join for FREE
Feedback
Dark Mode
Quiz Categories
Sports
Geography
Music
Movies
Television
Just For Fun
Miscellaneous
History
Literature
Language
Science
Gaming
Entertainment
Religion
Holiday
For Kids
Quiz Lab
Recent
Popular Today
Quiz Kudos Today
Editor Picks
Curator Picks
Quizzes by...
Day
Popularity
Type
Ratings
Length
Year
Community
Subscriptions
Recent Discussions
Orange Saloon
Badges
Playlists
Quests
Create
Leaderboards
Showdown
Live 5
Trivia Bingo
Activity
Puzzle Library
Sporcle Events
Private Events
Virtual Trivia
Globe League
Become a Host
Pub Owners
SporcleCon
Opinionation
Our Games
Videos
Blog
Mobile Apps
Partnerships
Remove Ads and Go Orange
Feedback
Sports
Athletes
MLB
NBA
NHL
NFL
Soccer
Sports Teams
WWE
NCAA
Football
Premier League
Basketball
Baseball
Hockey
Golf
Tennis
Cricket
Rugby
Auto Racing
Olympics
World Cup
Sports
Athletes
MLB
NBA
NHL
NFL
Soccer
Sports Teams
WWE
NCAA
Football
Premier League
Basketball
Baseball
Hockey
Golf
Tennis
Cricket
Rugby
Auto Racing
Olympics
World Cup
Random Quiz
Search Sporcle
×
Quiz Lab
Quiz Lab
Sports
Passers
Type in answers that appear in a list
Type in answers that appear in a list
Classic
Best Score? Go Orange.
Leading Passer in the Postseason Stats
Can you name the Leading Passer in the Postseason?
By
mikeyg99
5m
45 Questions
272 Plays
272 Plays
272 Plays
Comments
Comments
Give Quiz Kudos
Give Quiz Kudos
-
- Ratings
hide this ad
Replay
Link that replays current quiz
Next Quiz
Link to next quiz in quiz playlist
You Got
0%
They Got
Avg Score
88%
Avg Friend Score
Upgrade to see
Score Distribution
Jump to the score distribution portion of the page
Score
0/45
Timer
05:00
0
Plays Today
Team/Year
Player
% Correct
2009/
IND
Peyton Manning
100%
2007/
NYG
Eli Manning
100%
2006/
IND
Peyton Manning
100%
2010/
GB
Aaron Rodgers
99.6%
2008/
ARI
Kurt Warner
99.6%
2001/
STL
Kurt Warner
99.6%
1999/
STL
Kurt Warner
99.6%
1997/
DEN
John Elway
98.5%
1987/
DEN
John Elway
98.5%
1986/
DEN
John Elway
98.5%
2004/
PHI
Donovan McNabb
97.8%
2005/
PIT
Ben Roethlisberger
97.4%
1989/
SF
Joe Montana
97.4%
1988/
SF
Joe Montana
97.4%
1981/
SF
Joe Montana
97.4%
1995/
GB
Brett Favre
97.1%
1994/
DAL
Troy Aikman
96.3%
1992/
DAL
Troy Aikman
96.3%
2003/
CAR
Jake Delhomme
96%
1979/
PIT
Terry Bradshaw
96%
1978/
PIT
Terry Bradshaw
96%
1984/
MIA
Dan Marino
95.6%
2002/
OAK
Rich Gannon
95.2%
Team/Year
Player
% Correct
2000/
NYG
Kerry Collins
94.1%
1993/
BUF
Jim Kelly
94.1%
1990/
BUF
Jim Kelly
94.1%
1967/
GB
Bart Starr
94.1%
1966/
GB
Bart Starr
94.1%
1996/
JAC
Mark Brunell
92.6%
1976/
MIN
Fran Tarkenton
90.8%
1973/
MIN
Fran Tarkenton
90.8%
1985/
CHI
Jim McMahon
89%
1975/
DAL
Roger Staubach
88.6%
1970/
BAL
Johnny Unitas
86.4%
1983/
WAS
Joe Theismann
86%
1982/
WAS
Joe Theismann
86%
1998/
ATL
Chris Chandler
82.4%
1971/
MIA
Bob Griese
80.5%
1977OAK
Ken Stabler
74.3%
1974/
OAK
Ken Stabler
74.3%
1991/
WAS
Mark Rypien
72.8%
1980/
OAK
Jim Plunkett
67.6%
1968/
OAK
Daryle Lamonica
44.1%
1972/
WAS
Billy Kilmer
33.1%
1969/
MIN
Joe Kapp
27.6%
Quiz Playlist
Details
Report
Send in Message
Add To Playlist
Classic:
Type in answers that appear in a list
Quiz Source
Last Updated: Feb 16, 2017
Quiz Scoreboard
CHALLENGE
Sign Up to Join the Scoreboard
Show All
Scores
Hide
Comments
May contain spoilers
Recently Published
College Basketball Coaching Resumes
by pancakes188
Sports
9m
Billboard Blitz: Fleetwood Mac
by CooCooCachoo
Music
15s
Presidents Visiting Landmarks
by Hejman
History
7m
More to Explore
Quiz From the Vault
Featured Blog Post
Where Did the Easter Bunny Come From?
hide this ad
You Might Also Like...
Tags
Leading
Leading Passer
Passers
Player
postseason
team
Yard
Today's Top Quizzes in Sports
Browse Sports
hide this ad
Today's Top Quizzes in Passers
Browse Passers
Top Contributed Quizzes in Sports
1
2022 World Cup Stars
2
Les meilleurs buteurs des matchs entre le PSG et l’OM
3
FIFA Club World Cup Champions
4
Les entraîneurs de l'OM et du PSG au 21e siècle
5
Criteria MLB: Left Handed Sluggers
6
AFC Teams Reveal (Wrong Answers Minefield)
7
5-to-1: UK Sports Teams
8
5-to-1: FBS Animal Nicknames
9
2023 MLB Unique Player Accomplishments
10
Name the Premier League winners with different clubs
Explore More
Trending Topics
Anime
Marvel
NBA
Disney
Harry Potter
Kpop
Crossword
Puzzle
NFL
Pokémon
Soccer
The Office
Song
Country
WWE
hide this ad
More By:
mikeyg99
Quiz
Plays
Rating
Category
Featured
Created
NFL 75th Anniversary All-Time Team
40,787
4.13
Sports
Mar 8, 2011
Top 2 Receivers from each team in 2010
848
2.67
Sports
Mar 7, 2011
4000+ Passers (2000's)
284
4.13
Sports
Mar 6, 2011
Leading Rushers from each Draft Class
275
5.00
Sports
Mar 8, 2011
Leading Passer in the Postseason
272
4.56
Sports
Mar 6, 2011
Go to Creator's Profile
Score Distribution
Quiz Creator Spotlight
mikeyg99
Follow
Send a Message
Quizzes Created
-
Created Quiz Play Count
-
More By This Creator
Popular Quizzes Today
1
Find the US States - No Outlines Minefield
2
Find the Countries of Europe - No Outlines Minefield
3
The Countries of the World
4
Find the US States
5
Risky Map Clicking: Biggest States A-Z
6
US States
7
Popular People in 1961
8
Movies - When Are They Set?
More Sports Quizzes
World Cup Profile: Australia
Quiz Lab
Trending Quizzes
Risky Map Clicking: Least Populous States A-Z
1-10 Letter G Words
1-10 Letter F Words
Risky Map Clicking: Next State Alphabetically
Risky Map Clicking: Biggest States A-Z
Recently Updated
Leaping Animals
pecheneg
Reality TV Shows (A-Z)
bhenderson79
Rickey Henderson's Hall of Fame Teammates
pecheneg
Champions League XIs: Arsenal
pecheneg
Quick Pick: Celebrities in WWE's Hall of Fame
aduchscher
A-Z Keypad Blitz II
pecheneg
Multiple Oscar Actors
pecheneg
Mystery Phrase Blitz: Oscar 'Best Actors'
pecheneg
F. Scott Fitzgerald Novels
LTH
Pick 3 Villains
ddd62291
Trending Topics
NBA
Marvel
Kpop
Disney
Crossword
Anime
Harry Potter
WWE
The Office
Pokémon
Country
NFL
Soccer
Puzzle
Song
Your Account Isn't Verified!
In order to create a playlist on Sporcle, you need to verify the email address you used during registration. Go to your
Sporcle Settings
to finish the process.
Report this User
Report this user for behavior that violates our
Community Guidelines
.
Details:
Send Report
Go to the Sporcle.com Mobile Site →
Comments